Statistics for Modern-Day Countries with Volcano Deaths in History

Click here to take the quiz!

General Stats

  • This quiz has been taken 35 times
  • The average score is 14 of 20

Answers on the Map

Answers color-coded by a green-red scale on the quiz's map according to % correct below.
 

Answer Stats

YearFatalitiesVolcanoCountry% Correct
1790400+KilaueaUnited States
100%
181571,000 to 250,100+Mount TamboraIndonesia
97%
7913,000+Mount VesuviusItaly
97%
179215,000Mount UnzenJapan
97%
19821,900El ChichónMexico
97%
198523,000Nevado del RuizColombia
83%
1887340CotopaxiEcuador
83%
c. 1600 BC~20,000SantoriniGreece
83%
16001,500HuaynaputinaPeru
83%
c. 17002,000Tseax ConeCanada
80%
190230,000Mount PeléeMartinique (France)
80%
19111,335TaalPhilippines
77%
178310,000+Laki and GrímsvötnIceland
73%
19026,000Santa MaríaGuatemala
67%
18883,000Ritter IslandPapua New Guinea
63%
1886151Mount RuapehuNew Zealand
57%
2002245NyiragongoDemocratic Republic of the Congo
50%
196887Volcán ArenalCosta Rica
43%
19021,700SoufrièreSt. Vincent and the Grenadines
13%
1861106DubbiEritrea
10%

Score Distribution

Percentile by Number Answered

Percent of People with Each Score

Your Score History

You have not taken this quiz